000 00413nam a2200133Ia 4500
008 151001s9999||||xx |||||||||||||| ||und||
100 _aसुरेंद्रकुमार विजय
245 _aविज्ञान प्रश्नोत्तरी
250 _a1
260 _bक्वालिटी पब्लिकेशन
260 _c2006
300 _a198
365 _b21
999 _c988087
_d988084